Consumer Behavior (Record no. 121105)

MARC details
000 -LEADER
fixed length control field 00400nam a2200133Ia 4500
008 - FIXED-LENGTH DATA ELEMENTS--GENERAL INFORMATION
fixed length control field 211122s9999||||xx |||||||||||||| ||und||
082 ## - DEWEY DECIMAL CLASSIFICATION NUMBER
Classification number 658.834 2
Item number SCH-C
100 ## - MAIN ENTRY--PERSONAL NAME
Personal name Schiffman, Leon G
245 #0 - TITLE STATEMENT
Title Consumer Behavior
260 ## - PUBLICATION, DISTRIBUTION, ETC.
Name of publisher, distributor, etc. Prentice -Hall Inc.
Place of publication, distribution, etc. New Delhi
Date of publication, distribution, etc. 1988
630 ## - SUBJECT ADDED ENTRY--UNIFORM TITLE
General subdivision MBA LIBRARY
650 ## - SUBJECT ADDED ENTRY--TOPICAL TERM
Topical term or geographic name entry element Technology
942 ## - ADDED ENTRY ELEMENTS (KOHA)
Koha item type BOOK
650 ## - SUBJECT ADDED ENTRY--TOPICAL TERM
Form subdivision Management & auxiliary servicesGeneral managementEconomics
Holdings
Withdrawn status Lost status Source of classification or shelving scheme Damaged status Not for loan Home library Current library Date acquired Cost, normal purchase price Full call number Barcode Shelving location Date last seen Price effective from Koha item type
    Dewey Decimal Classification     SB LIBRARY SB LIBRARY 22/11/2021 100.00 658.8342 SCH-C 00134595 MBA LIBRARY 22/11/2021 22/11/2021 BOOK

Powered by Koha